[Event "Netanya op"]
[Site "Netanya"]
[Date "2019.06.25"]
[Round "3"]
[White "Sheinkman, Lidan"]
[Black "Kantsler, Boris"]
[Result "0-1"]
[WhiteElo "1874"]
[BlackElo "2420"]
[PlyCount "46"]
[EventDate "2019.06.23"]
[EventType "swiss"]
[EventRounds "9"]
[EventCountry "ISR"]
[SourceTitle "CBM 191 Extra"]
[Source "ChessBase"]
[SourceDate "2019.09.30"]
[SourceVersion "1"]
[SourceVersionDate "2019.09.30"]
[SourceQuality "1"]

1. d4 g6 2. Nf3 Bg7 3. g3 Nf6 4. Bg2 0-0 5. 0-0 d6 6. b3 e5 7. dxe5 dxe5 8. Ba3 Re8 9. Nc3 Bd7 10. e4 Nc6 11. Re1 Bg4 12. Bb2 Nd4 13. h3 Nxf3+ 14. Bxf3 Bxh3 15. Qxd8 Raxd8 16. Rad1 c6 17. Na4 Rxd1 18. Rxd1 Bf8 19. Bc3 Be6 20. Bxe5 Bg4 21. Bxg4 Rxe5 22. Bf3 Nxe4 23. Re1 Nd2 0-1

[Event "Pardubice Czech op-B 29th"]
[Site "Pardubice"]
[Date "2018.07.26"]
[Round "7"]
[White "Polansky, Adam Lubos"]
[Black "Sheinkman, Lidan"]
[Result "1/2-1/2"]
[WhiteElo "2006"]
[BlackElo "1720"]
[PlyCount "67"]
[EventDate "2018.07.20"]
[EventType "swiss"]
[EventRounds "9"]
[EventCountry "CZE"]
[SourceTitle "CBM 186 Extra"]
[Source "ChessBase"]
[SourceDate "2018.08.24"]
[SourceVersion "1"]
[SourceVersionDate "2018.08.24"]
[SourceQuality "1"]

1. d4 Nf6 2. Nf3 g6 3. g3 Bg7 4. Bg2 0-0 5. 0-0 d5 6. c4 dxc4 7. Na3 c3 8. bxc3 c5 9. Ne5 Nc6 10. Nac4 cxd4 11. Nxc6 bxc6 12. cxd4 Nd5 13. Bb2 Rb8 14. Rb1 Rb4 15. Ne5 Bxe5 16. dxe5 Bf5 17. e4 Bxe4 18. Bxe4 Rxe4 19. Qc2 Rb4 20. Qxc6 Qb6 21. Qxb6 axb6 22. Rfd1 e6 23. Bd4 Rxb1 24. Rxb1 Ra8 25. Rb2 Ra4 26. Bxb6 Nxb6 27. Rxb6 Rxa2 28. h4 Ra5 29. f4 h5 30. Kg2 Kg7 31. Rb7 Ra2+ 32. Kf3 Ra3+ 33. Kg2 Ra2+ 34. Kf3 1/2-1/2

[Event "Pardubice Czech op-B 29th"]
[Site "Pardubice"]
[Date "2018.07.25"]
[Round "6"]
[White "Ashrafzianov, Igor"]
[Black "Sheinkman, Lidan"]
[Result "1/2-1/2"]
[WhiteElo "2004"]
[BlackElo "1720"]
[PlyCount "49"]
[EventDate "2018.07.20"]
[EventType "swiss"]
[EventRounds "9"]
[EventCountry "CZE"]
[SourceTitle "CBM 186 Extra"]
[Source "ChessBase"]
[SourceDate "2018.08.24"]
[SourceVersion "1"]
[SourceVersionDate "2018.08.24"]
[SourceQuality "1"]

1. Nf3 Nf6 2. c4 g6 3. g3 Bg7 4. Bg2 0-0 5. 0-0 d5 6. d4 dxc4 7. Na3 c3 8. bxc3 c5 9. e3 cxd4 10. cxd4 Nc6 11. Qe2 Nd5 12. Bb2 Bg4 13. h3 Bxf3 14. Bxf3 e6 15. Rfc1 Qd7 16. Nc4 b5 17. Nd2 Na5 18. Rc5 a6 19. Rac1 Rac8 20. Bxd5 exd5 21. Qg4 Qxg4 22. hxg4 Nc4 23. Rxc8 Rxc8 24. Rc2 Bf8 25. Nb3 1/2-1/2